Sports Quiz

Random Sports or NBA Quiz

San Antonio Spurs All-Time Leaders Quiz Stats

 Plays Quiz Updated Apr 15, 2021

Support Sporcle.
Go Orange.
Score 0/50 Timer 06:00
0 Plays Today
% Correct
Tim Duncan
99.1%
Tim Duncan
99.1%
Tim Duncan
98.9%
Tony Parker
97.9%
Tony Parker
97.9%
Tony Parker
97.5%
Tim Duncan
97.3%
David Robinson
95%
David Robinson
94.9%
David Robinson
94.9%
David Robinson
94.9%
David Robinson
93.4%
Manu Ginobili
91.8%
Manu Ginobili
90.8%
Manu Ginobili
89.4%
Manu Ginobili
84.9%
George Gervin
75.4%
George Gervin
75.4%
George Gervin
75.2%
George Gervin
75%
LaMarcus Aldridge
69%
Tim Duncan
66.4%
Tony Parker
56.3%
George Johnson
56.2%
Avery Johnson
55.8%
% Correct
Avery Johnson
55.7%
George Gervin
55.1%
Alvin Robertson
47.2%
Johnny Moore
45.9%
Kawhi Leonard
44.3%
Sean Elliott
41.5%
LaMarcus Aldridge
31.5%
Danny Green
24.6%
Alvin Robertson
23.8%
Artis Gilmore
23.8%
Artis Gilmore
23.8%
Rich Jones
22%
Johnny Moore
13.1%
James Silas
11.8%
James Silas
11.5%
Rasho Nesterovic
10.8%
Mike Mitchell
10.3%
Larry Kenon
9.6%
Larry Kenon
9.6%
Billy Paultz
6.9%
Billy Paultz
6.9%
Mike Gale
4.8%
Mike Gale
3.4%
John Beasley
3.3%
Coby Dietrick
3.1%

You're not logged in!

Compare scores with friends on all Sporcle quizzes.
OR
Log In

From the Vault

Pokémon (Gen VIII)

by SparknightSyzygy

Does that mean that these are the grandchildren of the Gen VI Pokémon?
Remove Ads.
Support Sporcle.
Get the best of Sporcle when you Go Orange. This ad-free experience offers more features, more stats, and more fun while also helping to support Sporcle. Thank you for becoming a member.

Show Comments

Extras

Top Quizzes Today


Score Distribution

Your Account Isn't Verified!

In order to create a playlist on Sporcle, you need to verify the email address you used during registration. Go to your Sporcle Settings to finish the process.

Report this User

Report this user for behavior that violates our Community Guidelines.

Details: